| 000 | 00335nam a2200121Ia 4500 | ||
|---|---|---|---|
| 008 | 220216s9999 xx 000 0 und d | ||
| 245 | 0 | _aLatex rubber products industry in India : Yearning for a planned growth | |
| 260 |
_bRubber Asia _c2003 |
||
| 300 | _a73-76 | ||
| 650 | _aGlobal consumption | ||
| 650 | _aLatex rubber | ||
| 942 | _cJS | ||
| 999 |
_c62076 _d62076 |
||